[Event "Asian-ch Indonesia B2 B3 (Women)"]
[Site "Cempaka Putih"]
[Date "2018.10.08"]
[Round "3.7"]
[White "Megha, Chakraborty"]
[Black "Tijan, Punaram Gawar"]
[Result "1-0"]
[WhiteElo "1192"]
[BlackElo "1192"]
[PlyCount "70"]
[EventDate "2018.10.07"]
[EventType "swiss"]
[EventRounds "7"]
[EventCountry "INA"]
[SourceTitle "EXT 2024"]
[Source "ChessBase"]
[SourceDate "2023.10.10"]
[SourceVersion "1"]
[SourceVersionDate "2023.10.10"]
[SourceQuality "1"]

1. e4 e5 2. Nf3 Nc6 3. Bb5 d6 4. h3 Bd7 5. 0-0 a6 6. Ba4 b5 7. Bb3 Nf6 8. d3 Be7 9. c3 0-0 10. Re1 Be6 11. Nbd2 a5 12. Nf1 b4 13. d4 d5 14. exd5 Bxd5 15. dxe5 Bxb3 16. Qxd8 Raxd8 17. exf6 bxc3 18. fxe7 Nxe7 19. axb3 cxb2 20. Bxb2 Nf5 21. Rxa5 g6 22. Ra7 Rb8 23. N1d2 c5 24. Ba3 Rfc8 25. Ng5 Nd6 26. Nde4 Nxe4 27. Rxe4 Rxb3 28. Nxf7 c4 29. Re2 c3 30. Rc2 Rxa3 31. Rxa3 Kxf7 32. Raxc3 Re8 33. Rc7+ Kg8 34. Rc8 Rf8 35. Rxf8+ Kxf8 1-0

[Event "Asian-ch Indonesia B2 B3 (Women)"]
[Site "Cempaka Putih"]
[Date "2018.10.07"]
[Round "2.5"]
[White "Puspita, Tita"]
[Black "Megha, Chakraborty"]
[Result "1-0"]
[WhiteElo "1216"]
[BlackElo "1192"]
[PlyCount "107"]
[EventDate "2018.10.07"]
[EventType "swiss"]
[EventRounds "7"]
[EventCountry "INA"]
[SourceTitle "EXT 2024"]
[Source "ChessBase"]
[SourceDate "2023.10.10"]
[SourceVersion "1"]
[SourceVersionDate "2023.10.10"]
[SourceQuality "1"]

1. e4 e5 2. Nf3 Nc6 3. Bb5 a6 4. Ba4 b5 5. d3 Bc5 6. Bb3 h6 7. 0-0 d6 8. h3 Nf6 9. Be3 Bb6 10. c3 Rb8 11. a3 0-0 12. Nbd2 Re8 13. Re1 Ne7 14. Nf1 Ng6 15. Rc1 Be6 16. Bc2 Qc8 17. N3h2 Nh4 18. Bxb6 cxb6 19. d4 Qd7 20. d5 Bxh3 21. gxh3 Qxh3 22. Ne3 Qd7 23. Kh1 Rbc8 24. Rg1 Ng6 25. Qf3 Re7 26. Nf5 Ree8 27. Nxh6+ gxh6 28. Qxf6 Kh7 29. Bd1 Rg8 30. Bh5 Rg7 31. Rg3 Qe7 32. Qf5 Rcg8 33. Rcg1 a5 34. Rh3 Kh8 35. Bxg6 fxg6 36. Rxh6+ Rh7 37. Rxh7+ Kxh7 38. Qh3+ Kg7 39. Qf5 Kh8 40. Rxg6 Rxg6 41. Qxg6 Qf8 42. Ng4 Qf3+ 43. Kg1 Qf8 44. Nf6 Qg7 45. Qxg7+ Kxg7 46. Ne8+ Kf7 47. Nxd6+ Ke7 48. Nf5+ Kd7 49. Kf1 a4 50. Ke2 Kc7 51. Kd3 Kd7 52. c4 bxc4+ 53. Kxc4 Kc7 54. Kb5 1-0